000
00302nam a22001337a 4500
008
170824b xxu||||| |||| 00| 0 eng d
020
_a
9780618149131
041
_a
eng
080
_2
7TH
_a
51
100
_a
38
101
_a
MAT
245
_a
CALCULUS OF A SINGLE VARIABLES
_c
LARSON,R
942
_2
udc
_c
BK
999
_c
24869
_d
24869